书目信息 |
| 题名: |
食品营养学
|
|
| 作者: | 孙远明 , 余群力 主编 | |
| 分册: | ||
| 出版信息: | 北京 中国农业大学出版社 2002 |
|
| 页数: | 339页 | |
| 开本: | 23cm | |
| 丛书名: | ||
| 单 册: | ||
| 中图分类: | TS201.4 | |
| 科图分类: | ||
| 主题词: | 食品营养--营养学--高等学校--教材 , 食品营养--营养学 | |
| 电子资源: | ||
| ISBN: | 978-7-81066-475-2 | |
| 000 | 00926nam0 2200265---450- | |
| 001 | 0100845816 | |
| 005 | 20021122091426.0 | |
| 010 | @a978-7-81066-475-2@dCNY25.50 | |
| 100 | @a20021104d2002----em-y0chiy0110----ea | |
| 101 | 0 | @achi |
| 102 | @aCN@b110000 | |
| 105 | @ay---z---000yy | |
| 106 | @ar | |
| 200 | 1 | @a食品营养学@9Shi;Si Pin Ying Yang Xue @f孙远明,余群力主编@b专著 |
| 210 | @a北京@c中国农业大学出版社@d2002 | |
| 215 | @a339页@d23cm | |
| 300 | @a面向21世纪课程教材 全国高等农业院校食品专业“面向21世纪课程”系列教材 | |
| 330 | @a本书包括:食物的体内过程、基础营养、不同人群的营养、各类食物的营养价值、食品的营养素强化、营养与健康、社区营养等内容。 | |
| 606 | 0 | @a食品营养@x营养学@x高等学校@j教材 |
| 606 | 0 | @a食品营养@x营养学 |
| 690 | @aTS201.4@v4 | |
| 701 | 0 | @a孙远明@4主编@9sun yuan ming |
| 701 | 0 | @a余群力@4主编@9yu qun li |
| 801 | 0 | @aCN@bAZmarc@c20230831 |
| 905 | @aBZT@dTS201.4@e236@f5@sTS201.4/236 | |
| 食品营养学/孙远明,余群力主编.-北京:中国农业大学出版社,2002 |
| 339页;23cm |
| 面向21世纪课程教材 全国高等农业院校食品专业“面向21世纪课程”系列教材 |
| ISBN 978-7-81066-475-2:CNY25.50 |
| 本书包括:食物的体内过程、基础营养、不同人群的营养、各类食物的营养价值、食品的营养素强化、营养与健康、社区营养等内容。 |
| ● |
| 相关链接 |
|
|
|
正题名:食品营养学
索取号:TS201.4/236
 
预约/预借
| 序号 | 登录号 | 条形码 | 馆藏地/架位号 | 状态 | 备注 |
| 1 | 2000023275 | 2000023275 | 旧书回溯/ [索取号:TS201.4/236] | 在馆 | |
| 2 | 2000023276 | 2000023276 | 旧书回溯/ [索取号:TS201.4/236] | 在馆 | |
| 3 | 2000023277 | 2000023277 | 旧书回溯/ [索取号:TS201.4/236] | 在馆 | |
| 4 | 2000134832 | 2000134832 | 旧书回溯/ [索取号:TS201.4/236] | 在馆 | |
| 5 | 2000134833 | 2000134833 | 旧书回溯/ [索取号:TS201.4/236] | 在馆 |